[Event "Titled Tuesday intern op 5th May"]
[Site "Chess.com INT"]
[Date "2020.05.05"]
[Round "7"]
[White "Ansh, Shah"]
[Black "Murzin, Volodar"]
[Result "0-1"]
[WhiteElo "2469"]
[BlackElo "2465"]
[PlyCount "68"]
[EventDate "2020.05.05"]
[EventType "swiss (blitz)"]
[EventRounds "10"]
[EventCountry "USA"]
[SourceTitle "EXT 2021"]
[Source "ChessBase"]
[SourceDate "2020.10.23"]
[SourceVersion "1"]
[SourceVersionDate "2020.10.23"]
[SourceQuality "1"]

1. d4 Nf6 2. c4 g6 3. Nc3 Bg7 4. e4 0-0 5. Nge2 d6 6. f3 e5 7. Be3 Nc6 8. Qd2 Re8 9. d5 Nb8 10. c5 Nbd7 11. cxd6 cxd6 12. Nb5 Nb6 13. Nec3 a6 14. Na3 Nh5 15. Bd3 Nf4 16. 0-0 Nd7 17. Rfc1 Nc5 18. Bf1 b5 19. Nc2 Bd7 20. Nb4 Rc8 21. a4 Nb3 22. Qd1 Nxa1 23. Rxa1 a5 24. Nd3 b4 25. Nb5 Qe7 26. Rc1 Bh6 27. Nxf4 Bxf4 28. Bxf4 exf4 29. b3 Qe5 30. Rxc8 Rxc8 31. Bc4 Kf8 32. Nd4 Bxa4 33. h3 Rxc4 34. bxa4 Qxd4+ 0-1

[Event "Titled Tuesday intern op 5th May"]
[Site "Chess.com INT"]
[Date "2020.05.05"]
[Round "9"]
[White "Ansh, Shah"]
[Black "Ribeiro, Matheus Cavalcante"]
[Result "1-0"]
[WhiteElo "2470"]
[BlackElo "2184"]
[PlyCount "137"]
[EventDate "2020.05.05"]
[EventType "swiss (blitz)"]
[EventRounds "10"]
[EventCountry "USA"]
[SourceTitle "EXT 2021"]
[Source "ChessBase"]
[SourceDate "2020.10.23"]
[SourceVersion "1"]
[SourceVersionDate "2020.10.23"]
[SourceQuality "1"]

1. d4 d5 2. c4 e6 3. Nc3 Nf6 4. Nf3 Be7 5. e3 0-0 6. Bd3 dxc4 7. Bxc4 b6 8. 0-0 Bb7 9. b3 Nbd7 10. Bb2 c5 11. Be2 Rc8 12. Rc1 cxd4 13. Qxd4 Nc5 14. Rfd1 Qxd4 15. Nxd4 Rfd8 16. Ncb5 a6 17. Nc3 Nce4 18. Nxe4 Nxe4 19. f3 Nf6 20. Kf2 b5 21. e4 Bc5 22. Kf1 Bb6 23. Rxc8 Rxc8 24. a4 bxa4 25. bxa4 Rd8 26. Nb3 Rxd1+ 27. Bxd1 Bc6 28. Nd4 Be8 29. Ke2 Kf8 30. Bc3 Ke7 31. a5 Bc7 32. Bb3 Nd7 33. g3 Nc5 34. Bb4 Bd6 35. e5 Bxe5 36. Bxc5+ Bd6 37. Bxd6+ Kxd6 38. Kd3 Kc5 39. f4 Kb4 40. Bc4 Kxa5 41. Nf3 Kb6 42. Ne5 f6 43. Nf3 Bd7 44. Nd4 e5 45. fxe5 fxe5 46. Nf3 e4+ 47. Kxe4 Bc6+ 48. Ke3 a5 49. Ne5 Bg2 50. Bg8 h6 51. Ba2 Kc5 52. Nd3+ Kd6 53. Nf4 Bh1 54. Nh5 g5 55. Nf6 a4 56. Ng4 a3 57. Nxh6 Bd5 58. Nf5+ Ke5 59. Bxd5 Kxd5 60. Nd4 Kc4 61. Nc2 Kb3 62. Kd2 Kb2 63. h4 gxh4 64. gxh4 a2 65. h5 Kb1 66. h6 Kb2 67. h7 Kb1 68. h8Q a1Q 69. Qxa1# 1-0

[Event "Titled Tuesday intern op 28th Apr"]
[Site "Chess.com INT"]
[Date "2020.04.28"]
[Round "2"]
[White "Ansh, Shah"]
[Black "Klekowski, Maciej"]
[Result "1-0"]
[WhiteElo "2459"]
[BlackElo "2506"]
[PlyCount "78"]
[EventDate "2020.04.28"]
[EventType "swiss (blitz)"]
[EventRounds "10"]
[EventCountry "USA"]
[SourceTitle "EXT 2021"]
[Source "ChessBase"]
[SourceDate "2020.10.23"]
[SourceVersion "1"]
[SourceVersionDate "2020.10.23"]
[SourceQuality "1"]

1. d4 Nf6 2. c4 e6 3. Nc3 Bb4 4. Bd2 0-0 5. Nf3 d5 6. e3 c6 7. Bd3 Nbd7 8. a3 Bd6 9. 0-0 e5 10. dxe5 Nxe5 11. Nxe5 Bxe5 12. cxd5 Bxh2+ 13. Kxh2 Ng4+ 14. Kg3 h5 15. f4 cxd5 16. Rh1 g6 17. Ne2 Re8 18. Nd4 Qf6 19. Qf3 Nh6 20. Rae1 Bg4 21. Qxd5 Rad8 22. Qg5 Qg7 23. Bc3 Qf8 24. Bxg6 f6 25. Qb5 Re7 26. Bxh5 Qg7 27. Kf2 Be6 28. Bf3 a6 29. Qh5 Kh7 30. Nxe6 Rxe6 31. Qxh6+ Qxh6 32. Rxh6+ Kxh6 33. Rh1+ Kg6 34. g4 f5 35. gxf5+ Kxf5 36. Rh5+ Kg6 37. f5+ Kf7 38. fxe6+ Kxe6 39. Re5+ Kd6 1-0

[Event "Titled Tuesday intern op 28th Apr"]
[Site "Chess.com INT"]
[Date "2020.04.28"]
[Round "6"]
[White "Vavulin, Maksim"]
[Black "Ansh, Shah"]
[Result "1-0"]
[WhiteElo "2554"]
[BlackElo "2460"]
[PlyCount "31"]
[EventDate "2020.04.28"]
[EventType "swiss (blitz)"]
[EventRounds "10"]
[EventCountry "USA"]
[SourceTitle "EXT 2021"]
[Source "ChessBase"]
[SourceDate "2020.10.23"]
[SourceVersion "1"]
[SourceVersionDate "2020.10.23"]
[SourceQuality "1"]

1. e4 e6 2. d4 d5 3. Bd3 c5 4. exd5 Qxd5 5. Nc3 Qxg2 6. Be4 Qxh1 7. Bxh1 Nf6 8. Nb5 Na6 9. Bf4 Be7 10. Bd6 Bxd6 11. Nxd6+ Ke7 12. dxc5 Nxc5 13. Qd4 Ncd7 14. 0-0-0 Rb8 15. Qb4 Kd8 16. Nxf7+ 1-0

[Event "Titled Tuesday intern op 21st April"]
[Site "Chess.com INT"]
[Date "2020.04.21"]
[Round "2"]
[White "Tarini, Goyal"]
[Black "Ansh, Shah"]
[Result "1/2-1/2"]
[WhiteElo "2164"]
[BlackElo "2409"]
[PlyCount "171"]
[EventDate "2020.04.21"]
[EventType "swiss (blitz)"]
[EventRounds "10"]
[EventCountry "USA"]
[SourceTitle "EXT 2021"]
[Source "ChessBase"]
[SourceDate "2020.10.23"]
[SourceVersion "1"]
[SourceVersionDate "2020.10.23"]
[SourceQuality "1"]

1. d4 Nf6 2. c4 e6 3. g3 d5 4. Nf3 Be7 5. Bg2 0-0 6. 0-0 Nbd7 7. Qc2 b6 8. cxd5 exd5 9. Nc3 Bb7 10. Bf4 c5 11. dxc5 Nxc5 12. Rfd1 Rc8 13. Nd4 Bd6 14. Bg5 h6 15. Bxf6 Qxf6 16. Qd2 Be5 17. e3 Ne4 18. Nxe4 dxe4 19. Rac1 Rfd8 20. Rxc8 Rxc8 21. Nb5 a5 22. b3 Rc5 23. a4 Qc6 24. h4 Rd5 25. Qxd5 Qxd5 26. Rxd5 Bxd5 27. Kf1 Bxb3 28. Bxe4 Bxa4 29. Bd3 Bb3 30. Ke2 a4 31. Kd2 Bb2 32. Bc2 Bc4 33. Bxa4 Kf8 34. e4 Ke7 35. Ke3 g5 36. Nd4 Bxd4+ 37. Kxd4 b5 38. Bc2 Ke6 39. hxg5 hxg5 40. f4 gxf4 41. gxf4 Ba2 42. f5+ Kd6 43. e5+ Kc6 44. Be4+ Kb6 45. Kc3 Kc5 46. Bd3 b4+ 47. Kb2 Bd5 48. e6 f6 49. Be2 Kd6 50. Bg4 Ke5 51. Bh3 Bc6 52. Bg4 Kf4 53. Bh3 Kg3 54. Bf1 Ba4 55. Bd3 Kf3 56. Bc2 Be8 57. Bb3 Kf4 58. Bc2 Ke5 59. Bb1 Ba4 60. Bc2 Bc6 61. Bb1 Kd6 62. Bc2 Kc5 63. Bb1 Bd5 64. Bc2 Bc6 65. Bb1 Kd4 66. Bc2 Ke3 67. Bb1 Kd4 68. Bc2 Ke5 69. Kb3 Kd6 70. Kxb4 Ke7 71. Kc5 Ba8 72. Bd3 Bg2 73. Kd4 Bh3 74. Ke3 Bg4 75. Kf4 Bd1 76. Kg3 Ba4 77. Kh4 Bc6 78. Kh5 Bb7 79. Kh6 Bc6 80. Kg7 Ba4 81. Be4 Bd1 82. Bb1 Be2 83. Be4 Bd1 84. Bb1 Bf3 85. Bd3 Bd1 86. Bb1 1/2-1/2

[Event "Titled Tuesday intern op 14th April"]
[Site "Chess.com INT"]
[Date "2020.04.14"]
[Round "4"]
[White "Pchelkin, Vladimir"]
[Black "Ansh, Shah"]
[Result "1-0"]
[WhiteElo "1546"]
[BlackElo "2276"]
[PlyCount "167"]
[EventDate "2020.04.14"]
[EventType "swiss (blitz)"]
[EventRounds "10"]
[EventCountry "USA"]
[SourceTitle "EXT 2021"]
[Source "ChessBase"]
[SourceDate "2020.10.23"]
[SourceVersion "1"]
[SourceVersionDate "2020.10.23"]
[SourceQuality "1"]

1. d4 Nf6 2. Nc3 e6 3. e4 d5 4. e5 Nfd7 5. Nf3 c5 6. dxc5 Nc6 7. Bf4 Bxc5 8. Bd3 f5 9. exf6 Nxf6 10. Qd2 Bd7 11. 0-0-0 Qa5 12. Rhe1 0-0-0 13. Ne5 Nxe5 14. Bxe5 Rhf8 15. Kb1 Qb6 16. Bg3 h6 17. Qf4 Bc6 18. Rxe6 Ne4 19. Qe5 Bd4 20. Rxc6+ bxc6 21. Qe6+ Kb7 22. Na4 Nc3+ 23. Nxc3 Bxc3 24. Qe7+ Ka8 25. b3 Rfe8 26. Qf7 Re1 27. Rxe1 Bxe1 28. Qxg7 Bxf2 29. Qf6 Bxg3 30. hxg3 Qc7 31. Qxh6 Kb7 32. Qe3 Rg8 33. g4 Qg7 34. Bf5 Qc7 35. Qe6 Rg7 36. a4 Re7 37. Qf6 Re1+ 38. Kb2 Qe5+ 39. Qxe5 Rxe5 40. Kc3 Kc7 41. Kd4 Kd6 42. a5 c5+ 43. Kd3 Re7 44. c3 Ke5 45. b4 cxb4 46. cxb4 Kf4 47. b5 Ke5 48. Kc3 d4+ 49. Kb4 Rc7 50. b6 axb6 51. axb6 Rf7 52. Kb5 Kd6 53. Ka6 Kc5 54. b7 Rf8 55. Ka7 d3 56. b8Q Rxb8 57. Kxb8 d2 58. Bc2 d1Q 59. Bxd1 Kd4 60. g5 Ke5 61. Bf3 Kf4 62. Kc7 Kxg5 63. Kd6 Kf4 64. Kc5 Kg3 65. Kd4 Kf4 66. Kd3 Kg3 67. Ke2 Kf4 68. Kf2 Kg5 69. g3 Kf6 70. Ke3 Kg7 71. g4 Kf6 72. Kf4 Kg7 73. Be4 Kf7 74. g5 Kg7 75. Kf5 Kf7 76. Bd5+ Kg7 77. Bg2 Kf7 78. g6+ Kg7 79. Kg5 Kh8 80. Kf6 Kg8 81. Bd5+ Kh8 82. g7+ Kh7 83. g8Q+ Kh6 84. Qh8# 1-0

[Event "Titled Tuesday intern op 14th April"]
[Site "Chess.com INT"]
[Date "2020.04.14"]
[Round "6"]
[White "Tay, Junior"]
[Black "Ansh, Shah"]
[Result "1-0"]
[WhiteElo "2230"]
[BlackElo "2286"]
[PlyCount "95"]
[EventDate "2020.04.14"]
[EventType "swiss (blitz)"]
[EventRounds "10"]
[EventCountry "USA"]
[SourceTitle "EXT 2021"]
[Source "ChessBase"]
[SourceDate "2020.10.23"]
[SourceVersion "1"]
[SourceVersionDate "2020.10.23"]
[SourceQuality "1"]

1. e4 e6 2. Nf3 d5 3. Nc3 Nf6 4. e5 Nfd7 5. d4 c5 6. Bg5 Qb6 7. dxc5 Bxc5 8. Qd2 Bb4 9. a3 Bxc3 10. Qxc3 0-0 11. Bd3 Nc6 12. 0-0 Qc5 13. Qe1 f5 14. exf6 Nxf6 15. c3 Qd6 16. Bh4 Nh5 17. Qe2 Nf4 18. Qc2 Nxd3 19. Qxd3 Ne5 20. Nxe5 Qxe5 21. Bg3 Qf6 22. Rae1 Bd7 23. Be5 Qf5 24. Qd4 Rf7 25. Re3 Raf8 26. f4 Bb5 27. Rfe1 a6 28. g3 Bd7 29. Bd6 Re8 30. Re5 Qf6 31. Bc5 h5 32. Qe3 h4 33. Bd4 Qd8 34. Rg5 hxg3 35. Qe5 Qe7 36. hxg3 Ref8 37. Kf2 Bb5 38. Rh1 Bd3 39. Rgh5 Rf5 40. Rh8+ Kf7 41. Qxg7+ Ke8 42. Rxf8+ Qxf8 43. Rh8 Qxh8 44. Qxh8+ Rf8 45. Qg7 Rf7 46. Qg8+ Rf8 47. Qxe6+ Kd8 48. Bb6# 1-0